| 000 | 00603nam a2200181 a 4500 | ||
|---|---|---|---|
| 005 | 20240910064026.0 | ||
| 008 | 991125s1981 mx 000 0 spa u | ||
| 035 | _aUPN01000000909 | ||
| 049 | _aF | ||
| 050 | 4 |
_aLE7.2913 U265 _bD412 no.135 |
|
| 100 | 1 | _aGuerrero Orozco, Omar | |
| 245 | 1 | 3 |
_aLa administración pública como disciplina científica / _cOmar Guerrero. |
| 260 |
_aMéxico : _bUNAM, Centro de Estudios sobre la Universidad, _c1981. |
||
| 300 | _a11 p. | ||
| 440 | 0 |
_aDeslinde. _pCuadernos de cultura política universitaria ; _v135 |
|
| 650 | 4 |
_aAdministración pública _9637 |
|
| 905 | _aLibro | ||
| 999 |
_c909 _d909 |
||